000 00619nam a22002057a 4500
001 51252
003 BD-RjUL
005 20211209075630.0
008 160830s1946 pak||||| |||| 00| 0 eng d
035 _a(BD-RjUL)51372
040 _aBD-RjUL
_beng
_cBD-RjUL
_dBD-RjUL
041 _aeng
082 _223
_a915
_bKHB 1946
100 _aKhan, Mohammad Abdur Rahman
_9153321
245 _aA brief survey of Muslim contribution to science and culture /
_cMohammad Abdur Rahman Khan
260 _aLahore :
_bMuhammad Ashraf,
_c1946.
300 _a83 p. ;
_c24 cm.
650 _aIslamic civilization.
_9153322
942 _2ddc
_cBK
999 _c51252
_d51252